000 00437nam a2200181Ia 4500
001 19345
005 20260306172646.0
008 260306t2001||||xx |||||||||||||| ||spa||
041 _aESP
082 _a658.8342
_bR93E
100 _aRuiz de Maya, Salvador
_eAUT
245 0 _aExperiencias y casos de comportamiento del consumidor
260 _c2001
300 _a
_c
650 _aGEN
654 _aCAN
942 _cLIB
_dJUS
_fJUS
_2ddc
_n
999 _c19345
_d19345